Christopher Markus and Stephen McFeely Filmography - Statistics

General Stats
  • This quiz has been taken 3 times
  • The average score is 10 of 17
Answer Stats
Hint Answer % Correct
2019 Avengers: Endgame
100%
2018 Avengers: Infinity War
100%
2016 Captain America: Civil War
100%
2011 Captain America: The First Avenger
100%
2014 Captain America: The Winter Soldier
100%
2013 Thor: The Dark World
100%
2014 Guardians of the Galaxy
67%
2008 The Chronicles of Narnia: Prince Caspian
67%
2005 The Chronicles of Narnia: The Lion, The Witch and the Wardrobe
67%
2010 The Chronicles of Narnia: The Voyage of the Dawn Treader
67%
TBD The Gray Man
67%
2013 Pain and Gain
33%
2004 The Life and Death of Peter Sellers
33%
2007 You Kill Me
33%
2019 Mosul
0%
2014 Return to Zero
0%
2009 The Answer Man
0%
No matching quizzes found
Score Distribution
Percent of People with Each Score
Percentile by Number Answered
Your Score History
You have not taken this quiz